000 00281nam a22001337a 4500
008 181019b xxu||||| |||| 00| 0 eng d
020 _a9780471284925
041 _aeng
080 _a701
100 _a44
101 _aART
245 _aType& Image
_cMeggs,P.B
942 _2udc
_cBK
999 _c50257
_d50257